000 00573nam a22001817a 4500
005 20260414094358.0
008 251125b |||||||| |||| 00| 0 eng d
020 _a978-81-196313-50-2
041 _aeng
082 _a615.54 KAU-T
100 _aKAUSER, DR, MOHAMMED SHEEBA AND SYAMALA, DR, ANANTA LAKSHMI PRASANNA SYAMALA
_98828
245 _aTEXT BOOK OF SOCIAL AND PREVENTIVE PHARMACY : FOR B. PHARM [8TH SEM]
250 _a1ST ED. 2024
260 _aNEW DELHI
_bINNOVATIVE PUBLICATION PVT LTD
_c2024
300 _a182;P
650 _aPHARMACY
_xB.PHARMA
942 _cBK
999 _c9011
_d9009